000
00356nam a2200157Ia 4500
001
14575
005
20250626030539.0
008
211022s9999 xx 000 0 und d
082
_a
973.9 YEE
100
_a
Captain James Yousuf Yee
245
0
_a
Guantana mobaiti
260
_a
Karachi
260
_b
Tawaqal Academy
300
_a
289 pages
942
_c
BK
999
_c
10328
_d
10328